000
00322 a2200145 4500
001
169241
020
_a
040
_c
Magnum
100
_a
Campos, Dinah Martins de Souza
240
1
0
_a
Psicologia da aprendizagem
_l
por
245
1
0
_a
Psicologia da aprendizagem
362
0
_a
1899
697
_a
PSICOLOGIA
942
_c
BK
999
_c
169241
_d
169241